000 00514nam a22001577a 4500
005 20240823083928.0
008 240823b |||||||| |||| 00| 0 eng d
041 _aEnglish/Afrikaans
082 _a349 LAW
100 _lEnglish/Afrikaans
245 _aThe Laws of South West Africa 1972
260 _aWindhoek:
_bOrder of the Honourable the Administrator of South West Africa
_c1972
300 _blxxi, 304 pages;
_c25 cm.
650 _aLegal practice
_bLaw
942 _cBK
_6ALISON_BN_VRIES
999 _c2828
_d2828